000 00658 a2200181 4500
020 _a0444521976
020 _a9780444521972
082 0 4 _a515.352
090 _c470
_d470
100 1 _aZhang, Wei-Bin.
245 1 0 _aDiscrete dynamical systems, bifurcations and chaos in economics /
_cWei-Bin Zhang.
260 _a[S.l.] :
_bElsevier Science,
_c2006.
300 _a460 p. ;
_c24 cm.
490 1 _aMathematics in science and engineering.
830 0 _aMathematics in science and engineering.
942 _aSNS
_cBK
_k515.352 ZHA
999 _c29101
_d29101